000 00280nam a2200133Ia 4500
100 _aFayol Henri.
942 _cBK
654 _aManagement.
245 _aGeneral & industrial management.
260 _bPitman &sons
_c2001
082 _a658
300 _a110
546 _aENGLISH
999 _c31839
_d31839